000 00480nam a2200181Ia 4500
008 160319s9999 xx 000 0 und d
050 _aFIL HF 5691
050 _b.D45 1999 c.3
100 _aDel Rosario, Asuncion C. Mercado
245 _aBusiness mathematics /
245 _cAsuncion C. Mercado Del Rosario.
260 _c1999
300 _a282 pages :
300 _billustrations ;
300 _c25 cm.
500 _aIncludes index.
650 _aBusiness mathematics.
999 _c291794
_d291794